Lyrics to 'Crazier Things by Chelsea Cutler and Noah Kahan - Statistics

General Stats
  • This quiz has been taken 14 times
  • The average score is 409 of 437
Answer Stats
Answer % Correct
a
100%
about
100%
am
100%
amazes
100%
as
100%
bar
100%
because
100%
been
100%
but
100%
But
100%
called
100%
can
100%
can't
100%
cause
100%
Cause
100%
City
100%
city
100%
could
100%
Crazier
100%
damn
100%
deep
100%
Do
100%
don't
100%
drunk
100%
easily
100%
for
100%
free
100%
from
100%
From
100%
happen
100%
happened
100%
hear
100%
heart
100%
help
100%
home
100%
Hoping
100%
how
100%
I
100%
in
100%
is
100%
it
100%
It
100%
I've
100%
knew
100%
know
100%
life
100%
love
100%
loved
100%
me
100%
meant
100%
met
100%
Missing
100%
move
100%
New
100%
not
100%
Not
100%
now
100%
of
100%
oh
100%
Oh
100%
on
100%
once
100%
our
100%
out
100%
part
100%
selfish
100%
so
100%
So
100%
someone
100%
something
100%
spend
100%
that
100%
That
100%
the
100%
The
100%
things
100%
think
100%
Think
100%
This
100%
this
100%
to
100%
tragic
100%
trying
100%
two
100%
wanna
100%
whole
100%
wish
100%
Wish
100%
York
100%
you
100%
You
100%
your
100%
aching
86%
again
86%
alone
86%
always
86%
an
86%
And
86%
and
86%
birthday
86%
bones
86%
both
86%
burning
86%
cross
86%
date
86%
discipline
86%
down
86%
dream
86%
dreams
86%
drink
86%
drinks
86%
enough
86%
even
86%
ever
86%
feel
86%
fell
86%
first
86%
Friday
86%
go
86%
had
86%
happy
86%
have
86%
hurt
86%
I'll
86%
inside
86%
Just
86%
just
86%
kills
86%
Kissed
86%
let
86%
lightning
86%
looked
86%
my
86%
never
86%
nights
86%
Or
86%
paths
86%
peace
86%
phone
86%
pick
86%
pretty
86%
real
86%
rocks
86%
said
86%
scared
86%
someday
86%
Somehow
86%
strikes
86%
thought
86%
time
86%
up
86%
us
86%
visions
86%
wake
86%
way
86%
were
86%
would
86%
are
71%
before
71%
cannot
71%
find
71%
forget
71%
honestly
71%
might
71%
off
71%
realize
71%
shooting
71%
sleep
71%
stars
71%
these
71%
turn
71%
twice
71%
Until
71%
was
71%
weeks
71%
without
71%
drowning
57%
if
57%
I'm
57%
mine
57%
told
57%
thoughts
43%
wondering
43%
worth
43%
No matching quizzes found
Score Distribution
Percent of People with Each Score
Percentile by Number Answered
Your Score History
You have not taken this quiz